| 000 -LEADER |
| fixed length control field |
01351nam a2200361Ia 4500 |
| 001 - CONTROL NUMBER |
| control field |
21359 |
| 003 - CONTROL NUMBER IDENTIFIER |
| control field |
GE_BSU |
| 005 - DATE AND TIME OF LATEST TRANSACTION |
| control field |
20210922160306.0 |
| 008 - FIXED-LENGTH DATA ELEMENTS--GENERAL INFORMATION |
| fixed length control field |
181216s2017||||ru |||||||||||||| ||rus|| |
| 020 ## - INTERNATIONAL STANDARD BOOK NUMBER |
| International Standard Book Number |
9785971038894 |
| 040 ## - CATALOGING SOURCE |
| Transcribing agency |
GE_BSU |
| 041 ## - LANGUAGE CODE |
| Language code of text/sound track or separate title |
geo |
| 080 ## - UNIVERSAL DECIMAL CLASSIFICATION NUMBER |
| Universal Decimal Classification number |
94(532)+32 Д-64 |
| 100 ## - MAIN ENTRY--PERSONAL NAME |
| Personal name |
Долгов, Б. В. |
| 9 (RLIN) |
12522 |
| 245 ## - TITLE STATEMENT |
| Title |
Феномен "Арабской Весны" 2011-2016 гг. Причины, Развитие, Перспективы : |
| Remainder of title |
Тунис. Египет. Ливия. Сирия. Алжи |
| Statement of responsibility, etc. |
Б. В. Долгов ; Отв. ред. И. Д. Звягельская. |
| 264 ## - PRODUCTION, PUBLICATION, DISTRIBUTION, MANUFACTURE, AND COPYRIGHT NOTICE |
| Place of production, publication, distribution, manufacture |
Москва, |
| Name of producer, publisher, distributor, manufacturer |
ЛЕНАНД, |
| Date of production, publication, distribution, manufacture, or copyright notice |
2017. |
| 300 ## - PHYSICAL DESCRIPTION |
| Extent |
196 стр. ; |
| Dimensions |
22 см. |
| 504 ## - BIBLIOGRAPHY, ETC. NOTE |
| Bibliography, etc. note |
Библиогр. стр. : 192-195 |
| 653 ## - INDEX TERM--UNCONTROLLED |
| keyword |
История |
| 653 ## - INDEX TERM--UNCONTROLLED |
| keyword |
Политика |
| 653 ## - INDEX TERM--UNCONTROLLED |
| keyword |
Тунис |
| 653 ## - INDEX TERM--UNCONTROLLED |
| keyword |
Египет |
| 653 ## - INDEX TERM--UNCONTROLLED |
| keyword |
Ливия |
| 653 ## - INDEX TERM--UNCONTROLLED |
| keyword |
Сирия |
| 653 ## - INDEX TERM--UNCONTROLLED |
| keyword |
Алжир |
| 653 ## - INDEX TERM--UNCONTROLLED |
| keyword |
Феномен "Арабской Весны" 2011-2016 гг. Причины, Развитие, Перспективы |
| 653 ## - INDEX TERM--UNCONTROLLED |
| keyword |
ისტორია |
| 653 ## - INDEX TERM--UNCONTROLLED |
| keyword |
პოლიტიკა |
| 700 ## - ADDED ENTRY--PERSONAL NAME |
| Personal name |
Звягельская, И. Д. |
| Relator term |
Отв. ред. |
| 9 (RLIN) |
12523 |
| 710 ## - ADDED ENTRY--CORPORATE NAME |
| Corporate name or jurisdiction name as entry element |
РАН |
| Relator term |
Институт востоковедения |
| 9 (RLIN) |
12524 |
| 942 ## - ADDED ENTRY ELEMENTS (KOHA) |
| Koha item type |
წიგნი |
| Source of classification or shelving scheme |
|